000 00320nam a22001457a 4500
020 _a978-93-87911-37-6
082 _a894.812.3
_bSUD/S
100 _aSUDEEP N
245 _aSUNDARI THATTHA
260 _aTHRISSUR
_bH & C PUBLISHING HOUSE
_c2019
300 _a48
520 _aSHORT STORY
650 _aSTORY
942 _cBK
999 _c6951
_d6951